000 00669nam a2200217Ii 4500
003 JO-AjNU
008 230605s9999||||xx |||||||||||||| ||und||
017 _a1993/2801
020 _a977-5450-00-4
040 _aJO-AjNU
_bara
_erda
_cJO-AjNU
041 _aara
050 1 4 _aHB75.S25536 1993
100 3 _aخليل، سامي,
_eauthor
_956555
245 0 0 _aنظرية اقتصادية جزئية
264 3 1 _aد.م: د.ن ، 1993
300 _a1006ص
_bيحتوي على ببلوغرافية من ص1006
336 _atext
_btxt
_2rdacontent
337 _aunmediated
_bn
_2rdamedia
338 _avolume
_bnc
_2rdacarrier
650 4 _aاقتصاد جزئي
_956556
999 _aA25290
_c28858
_d28858